[Event "12th EUR-ch"]
[Site "Aix-les-Bains FRA"]
[Date "2011.03.22"]
[Round "1.84"]
[White "Blubaum, Matthias"]
[Black "Reinderman, Dimitri"]
[Result "0-1"]
[WhiteElo "2246"]
[BlackElo "2601"]
[EventDate "2011.03.22"]
[PlyCount "84"]

1.d4 f5 2.g3 Nf6 3.Bg2 e6 4.Nf3 d5 5.c4 c6 6.O-O Bd6 7.Bf4 Bxf4 8.gxf4 O-O
9.Nbd2 Nbd7 10.Ne5 Kh8 11.e3 Ne4 12.Nxe4 Nxe5 13.fxe5 dxe4 14.f3 exf3 15.
Qxf3 Qe7 16.Kh1 Bd7 17.Rad1 Be8 18.a3 h5 19.Qf2 h4 20.e4 Bh5 21.Rde1 fxe4 
22.Qe3 Bf3 23.Bxf3 exf3 24.Rxf3 Rxf3 25.Qxf3 Rf8 26.Qg4 Kg8 27.Qg6 Rf4 28.
Rd1 Rf2 29.b4 b5 30.d5 cxd5 31.cxd5 exd5 32.Rxd5 h3 33.Qd3 Qe6 34.Rd8+ Rf8
35.Rxf8+ Kxf8 36.Qxb5 Qg4 37.Qb8+ Kf7 38.e6+ Kf6 39.Qd8+ Kg6 40.Qd3+ Kh6 
41.Qd2+ g5 42.Qd5 Qe2 0-1

[Event "12th EUR-ch"]
[Site "Aix-les-Bains FRA"]
[Date "2011.03.22"]
[Round "1.85"]
[White "Edouard, Romain"]
[Black "Villegas, Pierre"]
[Result "1-0"]
[WhiteElo "2600"]
[BlackElo "2246"]
[EventDate "2011.03.22"]
[PlyCount "77"]

1.d4 d5 2.c4 c6 3.Nf3 Nf6 4.Nc3 g6 5.e3 Bg7 6.Be2 O-O 7.O-O a6 8.Qb3 dxc4 
9.Bxc4 b5 10.Be2 Nbd7 11.e4 Nb6 12.Rd1 Be6 13.Qc2 Qc7 14.a4 Rfc8 15.a5 
Nbd7 16.h3 Ne8 17.Be3 f6 18.b4 Bf7 19.Rac1 e5 20.dxe5 Nxe5 21.Bb6 Nxf3+ 
22.Bxf3 Qe7 23.Bg4 Be6 24.Bxe6+ Qxe6 25.Ne2 Bh6 26.Nd4 Qf7 27.Ra1 Nd6 28.
Nb3 Bf8 29.Nc5 Re8 30.Ra3 Nc4 31.Rg3 Bd6 32.Rgd3 Bf8 33.Rd7 Re7 34.Bd8 Ne5
35.Bxe7 Nxd7 36.Bxf8 Nxf8 37.Rd6 Qc7 38.Rxf6 Rd8 39.Qb3+ 1-0

[Event "12th EUR-ch"]
[Site "Aix-les-Bains FRA"]
[Date "2011.03.22"]
[Round "1.86"]
[White "Chapman, Terry"]
[Black "Kovacevic, Aleksandar"]
[Result "1-0"]
[WhiteElo "2242"]
[BlackElo "2598"]
[EventDate "2011.03.22"]
[PlyCount "81"]

1.Nf3 c5 2.c4 Nc6 3.d4 cxd4 4.Nxd4 Nf6 5.Nc3 e6 6.a3 Be7 7.e4 O-O 8.Be2 
Qc7 9.Be3 b6 10.Rc1 Bb7 11.O-O Rac8 12.f4 Qb8 13.Kh1 Na5 14.e5 Ne8 15.Ncb5
a6 16.b4 axb5 17.cxb5 Nc7 18.bxa5 Bxa3 19.axb6 Nd5 20.Rxc8 Rxc8 21.Bg1 Rc1
22.Qa4 Rc3 23.Nb3 Be7 24.Ra1 g5 25.Na5 Nxf4 26.Nxb7 Nxe2 27.Nd6 Bxd6 28.
exd6 Rc8 29.Qg4 Nxg1 30.Qxg5+ Kh8 31.Qf6+ Kg8 32.b7 Qxb7 33.Ra4 h5 34.Qg5+
Kf8 35.Qe7+ Kg7 36.Qg5+ Kf8 37.Qh6+ Kg8 38.Qxh5 f5 39.Qg6+ Kf8 40.Qf6+ Kg8
41.Rh4 1-0

[Event "12th EUR-ch"]
[Site "Aix-les-Bains FRA"]
[Date "2011.03.22"]
[Round "1.87"]
[White "Parligras, Mircea-Emilian"]
[Black "Deleva, Michael"]
[Result "1-0"]
[WhiteElo "2598"]
[BlackElo "2236"]
[EventDate "2011.03.22"]
[PlyCount "83"]

1.d4 c6 2.c4 d5 3.Nf3 Nf6 4.e3 e6 5.b3 Ne4 6.Bd3 Bb4+ 7.Nbd2 f5 8.O-O Nd7 
9.a3 Bd6 10.Bb2 O-O 11.Ne5 Nxd2 12.Qxd2 Nxe5 13.dxe5 Be7 14.Qc2 Bd7 15.b4 
Rc8 16.Qb3 Qb6 17.Rab1 c5 18.cxd5 exd5 19.Qxd5+ Be6 20.Qf3 c4 21.Bd4 Qa6 
22.Bc2 b5 23.Ra1 Rcd8 24.a4 Bd5 25.Qh3 bxa4 26.Rxa4 Qe6 27.b5 Rd7 28.Ra6 
Qf7 29.Bxa7 g6 30.Bd4 Rb7 31.Rb1 Rfb8 32.b6 Bd8 33.Qg3 Qe6 34.h4 Rg7 35.
Ra7 Bb7 36.Qf4 Rf7 37.f3 h6 38.Bc5 g5 39.hxg5 hxg5 40.Qd4 Rd7 41.Bd6 g4 
42.Qf4 1-0

[Event "12th EUR-ch"]
[Site "Aix-les-Bains FRA"]
[Date "2011.03.22"]
[Round "1.88"]
[White "Joie, Sebastien"]
[Black "Tregubov, Pavel"]
[Result "0-1"]
[WhiteElo "2231"]
[BlackElo "2598"]
[EventDate "2011.03.22"]
[PlyCount "76"]

1.d4 Nf6 2.Nf3 e6 3.c4 c5 4.d5 b5 5.Bg5 exd5 6.cxd5 d6 7.e3 a6 8.a4 b4 9.
Nbd2 Be7 10.Nc4 Bb7 11.Bxf6 Bxf6 12.Qc2 Bxd5 13.Rd1 Bxc4 14.Bxc4 Ra7 15.
O-O O-O 16.Rd5 Qe7 17.Rfd1 Rd8 18.h4 Nc6 19.g4 b3 20.Qf5 Nb4 21.R5d2 g6 
22.Qf4 Rad7 23.g5 Bg7 24.Bxb3 d5 25.Qg4 Rd6 26.Qf4 R6d7 27.Qg4 Kh8 28.Kg2 
Rd6 29.Qf4 f5 30.h5 gxh5 31.Qxf5 Rf8 32.Qh3 Qe4 33.Qxh5 Rf5 34.Rh1 Rh6 35.
Bxd5 Nxd5 36.Rh4 Qe6 37.Qg4 Rxh4 38.Nxh4 Rxf2+ 0-1

[Event "12th EUR-ch"]
[Site "Aix-les-Bains FRA"]
[Date "2011.03.22"]
[Round "1.89"]
[White "Nikolic, Predrag"]
[Black "Frick, Christoph"]
[Result "1-0"]
[WhiteElo "2596"]
[BlackElo "2226"]
[EventDate "2011.03.22"]
[PlyCount "89"]

1.d4 g6 2.g3 Bg7 3.Bg2 d5 4.Nf3 Nh6 5.h4 Bf5 6.c3 c6 7.Nbd2 Nd7 8.Nb3 f6 
9.Nfd2 e5 10.e4 Bg4 11.Qc2 Qe7 12.O-O dxe4 13.Nxe4 O-O 14.Re1 Rae8 15.Bd2 
Nf7 16.a3 Bh6 17.Bxh6 Nxh6 18.Nbc5 Nxc5 19.Nxc5 Kg7 20.b4 Qc7 21.dxe5 fxe5
22.a4 Re7 23.Ra2 Nf7 24.a5 h6 25.Qe4 Bc8 26.Qe2 b6 27.Ne4 Be6 28.axb6 axb6
29.Ra6 Bc8 30.Ra3 Nd6 31.Nxd6 Qxd6 32.Qe3 Qc7 33.Ra8 Rfe8 34.Be4 Bf5 35.
Ra6 Bxe4 36.Qxe4 c5 37.b5 c4 38.Ra4 Rc8 39.Rd1 h5 40.Rd5 Kf6 41.Ra6 Kg7 
42.Qe3 Re6 43.Ra1 Rd8 44.Rxd8 Qxd8 45.Ra7+ 1-0

[Event "12th EUR-ch"]
[Site "Aix-les-Bains FRA"]
[Date "2011.03.22"]
[Round "1.90"]
[White "Moal, Alain"]
[Black "Pantsulaia, Levan"]
[Result "0-1"]
[WhiteElo "2224"]
[BlackElo "2595"]
[EventDate "2011.03.22"]
[PlyCount "56"]

1.e4 c5 2.Nf3 e6 3.d4 cxd4 4.Nxd4 a6 5.c4 Nf6 6.Nc3 Qc7 7.a3 Nxe4 8.Nxe4 
Qe5 9.Qd3 d5 10.f3 dxe4 11.fxe4 Nd7 12.Nf3 Qc7 13.Be2 b6 14.O-O Bb7 15.b4 
Be7 16.Be3 O-O 17.Qc2 a5 18.Rab1 axb4 19.axb4 Rad8 20.Rfd1 Nf6 21.Rxd8 
Rxd8 22.Nd2 Bd6 23.h3 Bh2+ 24.Kf1 Bf4 25.Kf2 Rxd2 26.Bxd2 Nxe4+ 27.Kg1 
Bh2+ 28.Kf1 Qg3 0-1

[Event "12th EUR-ch"]
[Site "Aix-les-Bains FRA"]
[Date "2011.03.22"]
[Round "1.91"]
[White "Melkumyan, Hrant"]
[Black "Naudier, Serge"]
[Result "1-0"]
[WhiteElo "2593"]
[BlackElo "2223"]
[EventDate "2011.03.22"]
[PlyCount "57"]

1.d4 Nf6 2.Nf3 d5 3.c4 c6 4.Nc3 e6 5.Qb3 Be7 6.Bg5 O-O 7.e3 h6 8.Bh4 Ne4 
9.Bxe7 Qxe7 10.Bd3 Nxc3 11.Qxc3 dxc4 12.Bxc4 c5 13.Qa3 Bd7 14.Rc1 b5 15.
Bd3 Rc8 16.Be4 Nc6 17.Rxc5 f5 18.Bd3 b4 19.Qb3 Na5 20.Qxb4 Nc6 21.Qa3 a5 
22.O-O Nb4 23.Rfc1 Rxc5 24.Rxc5 Rc8 25.Rxc8+ Bxc8 26.Bc4 Bb7 27.Qxa5 Bxf3 
28.gxf3 Nc6 29.Qxf5 1-0

[Event "12th EUR-ch"]
[Site "Aix-les-Bains FRA"]
[Date "2011.03.22"]
[Round "1.92"]
[White "Pogosian, Vladimir"]
[Black "Pelletier, Yannick"]
[Result "0-1"]
[WhiteElo "2222"]
[BlackElo "2593"]
[EventDate "2011.03.22"]
[PlyCount "68"]

1.c4 Nf6 2.g3 e5 3.Bg2 c6 4.d4 exd4 5.Qxd4 d5 6.Nf3 Be6 7.Ng5 Nbd7 8.Nxe6 
fxe6 9.O-O Bc5 10.Qh4 O-O 11.b4 Bd6 12.Nd2 a5 13.b5 cxb5 14.cxb5 Qb6 15.g4
Ne5 16.g5 Nfg4 17.Bb2 Qxb5 18.Bxe5 Nxe5 19.e4 Qe2 20.Nb3 Ng6 21.Qh3 Nf4 
22.Qf3 a4 23.Nd4 Qb2 24.Rad1 Be5 25.Nxe6 Ne2+ 26.Qxe2 Qxe2 27.Nxf8 Rxf8 
28.Rxd5 Bc3 29.f4 Qe3+ 30.Kh1 Rxf4 31.Rd8+ Kf7 32.Rfd1 Be5 33.R8d3 Qe2 34.
Rd5 Rf2 0-1

[Event "12th EUR-ch"]
[Site "Aix-les-Bains FRA"]
[Date "2011.03.22"]
[Round "1.93"]
[White "Brkic, Ante"]
[Black "Donchenko, Alexander"]
[Result "1-0"]
[WhiteElo "2592"]
[BlackElo "2216"]
[EventDate "2011.03.22"]
[PlyCount "57"]

1.e4 c5 2.Nf3 d6 3.d4 cxd4 4.Nxd4 Nf6 5.Nc3 a6 6.h3 e6 7.g4 d5 8.exd5 Nxd5
9.Nde2 Nxc3 10.Qxd8+ Kxd8 11.Nxc3 Bd7 12.Be3 Bc6 13.O-O-O+ Nd7 14.Rg1 Ke8 
15.Ne2 b5 16.Nd4 Bb7 17.f4 Bc5 18.Bg2 Bxg2 19.Rxg2 Nb6 20.f5 Nd5 21.Bg1 
Nf4 22.Rgd2 Be7 23.Nc6 Bg5 24.Be3 Rc8 25.Na7 Ra8 26.Kb1 Nd5 27.Bxg5 Rxa7 
28.Re1 Kd7 29.Rxd5+ 1-0

[Event "12th EUR-ch"]
[Site "Aix-les-Bains FRA"]
[Date "2011.03.22"]
[Round "1.94"]
[White "Svane, Rasmus"]
[Black "Buhmann, Rainer"]
[Result "1/2-1/2"]
[WhiteElo "2216"]
[BlackElo "2590"]
[EventDate "2011.03.22"]
[PlyCount "81"]

1.d4 d5 2.c4 c6 3.Nc3 Nf6 4.Nf3 a6 5.e3 b5 6.b3 Bg4 7.h3 Bxf3 8.Qxf3 e5 9.
dxe5 Bb4 10.Bd2 Bxc3 11.Bxc3 Ne4 12.Bb4 bxc4 13.Qg4 c5 14.f3 cxb4 15.fxe4 
O-O 16.exd5 Qxd5 17.Bxc4 Qxe5 18.O-O Nc6 19.Qf3 Qc7 20.Rac1 Ne5 21.Qg3 Qe7
22.Bd5 Rad8 23.e4 Kh8 24.Rc2 Rc8 25.Rfc1 Qa7+ 26.Kh2 Rxc2 27.Rxc2 f6 28.
Qf2 Qb8 29.Kh1 Rd8 30.Qc5 h5 31.Qc7 Qxc7 32.Rxc7 h4 33.Kg1 Kh7 34.Kf2 Kh6 
35.Ke3 g6 36.Kf4 a5 37.Ra7 Rc8 38.Ra6 Kg7 39.Ra7+ Kh6 40.Ra6 Kg7 41.Ra7+ 
1/2-1/2

[Event "12th EUR-ch"]
[Site "Aix-les-Bains FRA"]
[Date "2011.03.22"]
[Round "1.95"]
[White "Palac, Mladen"]
[Black "De Graaf, Dick"]
[Result "1-0"]
[WhiteElo "2586"]
[BlackElo "2214"]
[EventDate "2011.03.22"]
[PlyCount "109"]

1.e4 e5 2.Nf3 Nc6 3.Bb5 Bc5 4.O-O Nf6 5.c3 O-O 6.Re1 d6 7.h3 Bb6 8.d3 h6 
9.Nbd2 Ne7 10.d4 c6 11.Bd3 Ng6 12.Nf1 Re8 13.Ng3 c5 14.Bb5 Rf8 15.Be3 a6 
16.Bc4 Ba7 17.a4 cxd4 18.cxd4 Nxe4 19.Nxe4 d5 20.Bxd5 Qxd5 21.dxe5 Qxe4 
22.Bxa7 Qb4 23.Qd4 Qxd4 24.Bxd4 Be6 25.Bc3 Nf4 26.Nd2 Bd5 27.Ne4 Rfd8 28.
f3 Bxe4 29.Rxe4 g5 30.g3 Ne6 31.Rf1 b5 32.axb5 axb5 33.Rb4 Rd5 34.f4 gxf4 
35.gxf4 Kh7 36.f5 Rg8+ 37.Kh2 Nd8 38.e6 Nc6 39.Rg4 Rxg4 40.exf7 Rg8 41.Rg1
Rgd8 42.Rg7+ Kh8 43.Rg8+ Kh7 44.f8=Q Rxf8 45.Rxf8 Nd4 46.f6 Kg6 47.Rg8+ 
Kxf6 48.Rg4 Ke5 49.b4 Rd8 50.Kg3 h5 51.Rh4 Rg8+ 52.Kf2 Rf8+ 53.Ke1 Rd8 54.
Kd2 Rd7 55.Rxd4 1-0

[Event "12th EUR-ch"]
[Site "Aix-les-Bains FRA"]
[Date "2011.03.22"]
[Round "1.96"]
[White "Wagner, Dennis"]
[Black "Postny, Evgeny"]
[Result "0-1"]
[WhiteElo "2214"]
[BlackElo "2585"]
[EventDate "2011.03.22"]
[PlyCount "140"]

1.d4 Nf6 2.c4 e6 3.g3 c5 4.d5 exd5 5.cxd5 b5 6.e4 Nxe4 7.Qe2 Qe7 8.Bg2 Nd6
9.Be3 Na6 10.Nc3 Rb8 11.a4 bxa4 12.Rxa4 Nb4 13.Nf3 Rb6 14.Rxa7 Ra6 15.Rc7 
Ra1+ 16.Kd2 Rxh1 17.Bxh1 Ba6 18.Ra7 Bxe2 19.Ra8+ Qd8 20.Rxd8+ Kxd8 21.Kxe2
Nf5 22.Ne5 Ke8 23.Nb5 d6 24.Nc4 h5 25.Bf4 Kd7 26.Nb6+ Kd8 27.Nc4 Kd7 28.
Nb6+ Ke7 29.Nc8+ Kf6 30.Ncxd6 Bxd6 31.Nxd6 Nxd6 32.Bxd6 Re8+ 33.Kd2 Nxd5 
34.Bxc5 Ke6 35.h4 Rd8 36.Kd3 Nf4+ 37.Ke4 Nd5 38.Kd3 Nb4+ 39.Kc4 Nd3 40.Bd4
Ne5+ 41.Kc3 Rc8+ 42.Kd2 f6 43.Bg2 Rc4 44.Bc3 Ra4 45.Bh3+ Kd6 46.Ke3 Ng4+ 
47.Ke2 Re4+ 48.Kf3 Kd5 49.b3 Ne5+ 50.Bxe5 Rxe5 51.Bf1 Kd4 52.Bc4 Re7 53.
Kf4 g6 54.Kf3 Ra7 55.Kf4 Ra2 56.Kf3 Ra7 57.Kf4 Rc7 58.Kf3 g5 59.hxg5 fxg5 
60.Kg2 Re7 61.Kf3 Kc3 62.Bd5 Kd3 63.Bc4+ Kd2 64.Bd5 Ke1 65.Bc4 Rd7 66.Ke3 
Rd8 67.Bf7 h4 68.gxh4 gxh4 69.f4 h3 70.Kf3 Rd3+ 0-1

[Event "12th EUR-ch"]
[Site "Aix-les-Bains FRA"]
[Date "2011.03.22"]
[Round "1.97"]
[White "Guseinov, Gadir"]
[Black "Gebigke, Martin"]
[Result "1-0"]
[WhiteElo "2584"]
[BlackElo "2212"]
[EventDate "2011.03.22"]
[PlyCount "49"]

1.e4 c5 2.Nf3 d6 3.d4 cxd4 4.Nxd4 Nf6 5.Nc3 a6 6.Bg5 Nbd7 7.f4 Qb6 8.Qd2 
Qxb2 9.Rb1 Qa3 10.Bxf6 gxf6 11.Nd5 Qxa2 12.Qb4 Kd8 13.Be2 a5 14.Qb5 h5 15.
Nb6 Rb8 16.Nxd7 Bxd7 17.Qb6+ Ke8 18.O-O Qa3 19.Qa7 Rd8 20.Rxb7 Qc5 21.Rxd7
Ra8 22.Qxc5 dxc5 23.Bb5 Rb8 24.Rb7+ Kd8 25.Nc6+ 1-0

[Event "12th EUR-ch"]
[Site "Aix-les-Bains FRA"]
[Date "2011.03.22"]
[Round "1.98"]
[White "Fayard, Alain"]
[Black "Mastrovasilis, Dimitrios"]
[Result "0-1"]
[WhiteElo "2210"]
[BlackElo "2584"]
[EventDate "2011.03.22"]
[PlyCount "52"]

1.d4 d5 2.c4 c6 3.cxd5 cxd5 4.Nc3 e5 5.e3 e4 6.Qb3 Nf6 7.Nge2 Nc6 8.Nf4 
Bb4 9.Bb5 O-O 10.O-O Bxc3 11.Qxc3 Ne7 12.b3 g5 13.Nh3 Bxh3 14.gxh3 a6 15.
Be2 Qd7 16.Ba3 Rfc8 17.Qb4 Nf5 18.Kh1 Rc2 19.Bd1 Nh4 20.Rg1 Qf5 21.Qe1 Nf3
22.Qf1 Nxg1 23.Bxc2 Nxh3 24.Qg2 Nxf2+ 25.Kg1 Nh3+ 26.Kh1 Ng4 0-1

[Event "12th EUR-ch"]
[Site "Aix-les-Bains FRA"]
[Date "2011.03.22"]
[Round "1.99"]
[White "Mikhalevski, Victor"]
[Black "Pavlidou, Ekaterini"]
[Result "1-0"]
[WhiteElo "2584"]
[BlackElo "2204"]
[EventDate "2011.03.22"]
[PlyCount "67"]

1.d4 Nf6 2.c4 e6 3.g3 d5 4.Nf3 Be7 5.Bg2 O-O 6.Qc2 c6 7.O-O b6 8.Rd1 Bb7 
9.Nc3 Nbd7 10.b3 Rc8 11.e4 dxe4 12.Ng5 h6 13.Ngxe4 Nxe4 14.Nxe4 Nf6 15.Nc3
Qc7 16.Rb1 Rfd8 17.b4 Ba6 18.Bf1 e5 19.dxe5 Rxd1 20.Nxd1 Qxe5 21.Bf4 Qe6 
22.Rb3 Ng4 23.Ne3 Rd8 24.Nf5 Bf8 25.h3 Nf6 26.g4 Qe4 27.Qc1 c5 28.f3 Qa8 
29.b5 Bc8 30.Ng3 Be6 31.Be5 Kh7 32.f4 Bd6 33.Bb2 Bb8 34.Rf3 1-0

[Event "12th EUR-ch"]
[Site "Aix-les-Bains FRA"]
[Date "2011.03.22"]
[Round "1.100"]
[White "Rindlisbacher, Lars"]
[Black "Kotronias, Vasilios"]
[Result "0-1"]
[WhiteElo "2202"]
[BlackElo "2583"]
[EventDate "2011.03.22"]
[PlyCount "232"]

1.e4 c5 2.Nf3 e6 3.d4 cxd4 4.Nxd4 a6 5.c4 Nf6 6.Nc3 Bb4 7.Bd3 Bxc3+ 8.bxc3
d6 9.O-O O-O 10.Ba3 Qc7 11.Qe2 e5 12.Nc2 Be6 13.Ne3 Nbd7 14.Rab1 b5 15.
Rfd1 Nb6 16.cxb5 axb5 17.Bb4 Rxa2 18.Rb2 Rxb2 19.Qxb2 Na4 20.Qa3 Nc5 21.f3
Qb6 22.Qa5 Qxa5 23.Bxa5 Ra8 24.Bb4 Nxd3 25.Rxd3 Ne8 26.Kf2 f6 27.Rd1 Ra6 
28.Rd2 Kf7 29.g3 g5 30.f4 gxf4 31.gxf4 exf4 32.Ng2 f5 33.exf5 Bxf5 34.Nxf4
Nf6 35.Kf3 d5 36.Nd3 Bxd3 37.Rxd3 Ra2 38.h3 Ke6 39.Ke3 Ne4 40.Kd4 Rf2 41.
Rd1 h5 42.Ra1 Rd2+ 43.Ke3 Rh2 44.Kd4 Rxh3 45.Ra6+ Kf5 46.Rb6 Nf6 47.Be7 
Rh4+ 48.Kd3 Nd7 49.Rxb5 Ne5+ 50.Ke2 Rh2+ 51.Kf1 Rd2 52.Bc5 Ke4 53.Rb8 Ng4 
54.Rh8 Nh2+ 55.Ke1 Nf3+ 56.Kf1 h4 57.Bf2 Kd3 58.Rf8 Rd1+ 59.Kg2 h3+ 60.
Kxh3 Ng5+ 61.Kg4 Ne4 62.Rf3+ Kc4 63.Bd4 Rc1 64.Bh8 Nxc3 65.Kf5 Ne2 66.Rh3 
Rf1+ 67.Kg4 Rf4+ 68.Kg5 Re4 69.Rh4 Kd3 70.Rh3+ Kd2 71.Rh2 d4 72.Bxd4 Rxd4 
73.Rh8 Ke3 74.Ra8 Nf4 75.Kf5 Kf3 76.Ra3+ Nd3 77.Ra1 Rd5+ 78.Ke6 Nf4+ 79.
Kf6 Nd3 80.Ke6 Rd4 81.Kf6 Ke4 82.Ke6 Nf4+ 83.Kf6 Rd6+ 84.Ke7 Rd2 85.Ra4+ 
Ke5 86.Ra1 Ng6+ 87.Kf7 Kf5 88.Rf1+ Nf4 89.Ke7 Rd4 90.Rf2 Ke5 91.Rf1 Ng6+ 
92.Kf7 Rd6 93.Re1+ Kf5 94.Rf1+ Nf4 95.Ke7 Rd5 96.Rf2 Rd1 97.Rf3 Ke4 98.Rf2
Ke5 99.Rf3 Nd5+ 100.Kf7 Ra1 101.Kg7 Ra7+ 102.Kg6 Nf4+ 103.Kg5 Rg7+ 104.Kh6
Rg6+ 105.Kh7 Rg4 106.Ra3 Kf6 107.Ra1 Rg7+ 108.Kh6 Rg6+ 109.Kh7 Rg4 110.Ra2
Rg7+ 111.Kh6 Rg6+ 112.Kh7 Rg1 113.Rf2 Rg7+ 114.Kh8 Rg4 115.Ra2 Ng6+ 116.
Kg8 Ne7+ 0-1

[Event "12th EUR-ch"]
[Site "Aix-les-Bains FRA"]
[Date "2011.03.22"]
[Round "1.101"]
[White "Mamedov, Nidjat"]
[Black "Rindlisbacher, Jan"]
[Result "1-0"]
[WhiteElo "2583"]
[BlackElo "2198"]
[EventDate "2011.03.22"]
[PlyCount "61"]

1.e4 e5 2.Nf3 Nc6 3.Bb5 a6 4.Ba4 Nf6 5.O-O Be7 6.Re1 b5 7.Bb3 O-O 8.h3 Bb7
9.d3 Re8 10.c3 Bf8 11.Bg5 h6 12.Bh4 g5 13.Bg3 d6 14.Nbd2 Na5 15.Bc2 Nh5 
16.b4 Nxg3 17.fxg3 Nc6 18.Bb3 Bg7 19.Rf1 Rf8 20.Nh2 Ne7 21.Qh5 d5 22.Ng4 
Qd6 23.Rae1 Rae8 24.exd5 Bxd5 25.Ne4 Qb6+ 26.Kh2 f5 27.Bxd5+ Nxd5 28.Rxf5 
Qe6 29.Ref1 Rxf5 30.Rxf5 Rf8 31.Ngf6+ 1-0

[Event "12th EUR-ch"]
[Site "Aix-les-Bains FRA"]
[Date "2011.03.22"]
[Round "1.102"]
[White "Jeanne, Mickael"]
[Black "Halkias, Stelios"]
[Result "0-1"]
[WhiteElo "2193"]
[BlackElo "2579"]
[EventDate "2011.03.22"]
[PlyCount "58"]

1.c4 e6 2.g3 Nf6 3.Bg2 d5 4.Nf3 dxc4 5.Na3 Bxa3 6.bxa3 O-O 7.Bb2 Nbd7 8.
Qc2 c5 9.O-O Qc7 10.a4 b6 11.Ne5 Bb7 12.Bxb7 Qxb7 13.Nxc4 Nd5 14.f4 f6 15.
Rac1 Kh8 16.Qb3 Rad8 17.Rfd1 f5 18.d3 N7f6 19.Re1 Nb4 20.a3 Nc6 21.e3 Qf7 
22.Rcd1 Qh5 23.Kg2 Nd5 24.Qb5 Nce7 25.a5 Ng6 26.axb6 axb6 27.Rd2 Qg4 28.h3
Nh4+ 29.Kh2 Nf3+ 0-1

[Event "12th EUR-ch"]
[Site "Aix-les-Bains FRA"]
[Date "2011.03.22"]
[Round "1.103"]
[White "Ftacnik, Lubomir"]
[Black "Lacour, Serge"]
[Result "1-0"]
[WhiteElo "2578"]
[BlackElo "2193"]
[EventDate "2011.03.22"]
[PlyCount "75"]

1.Nf3 e6 2.c4 Nf6 3.Nc3 c5 4.g3 Nc6 5.Bg2 d5 6.cxd5 Nxd5 7.O-O Be7 8.d4 
cxd4 9.Nxd5 exd5 10.Nxd4 O-O 11.Be3 Be6 12.Rc1 Qd7 13.Qb3 Nxd4 14.Bxd4 b6 
15.Rc3 Rac8 16.Rd3 Rc4 17.Qd1 Rd8 18.b3 Rcc8 19.Bb2 Qb5 20.Qa1 Bf8 21.Rfd1
Re8 22.e3 Rc2 23.Bf1 Qc6 24.Rd4 g6 25.R4d2 Rxd2 26.Rxd2 Bf5 27.Bg2 Be4 28.
Bxe4 dxe4 29.Qd1 h5 30.Rd7 Bg7 31.Bxg7 Kxg7 32.Qd4+ Kg8 33.Rxa7 Qc1+ 34.
Kg2 h4 35.Qf6 h3+ 36.Kxh3 Qf1+ 37.Kh4 Rf8 38.g4 1-0

[Event "12th EUR-ch"]
[Site "Aix-les-Bains FRA"]
[Date "2011.03.22"]
[Round "1.104"]
[White "Sahitaj, Naim"]
[Black "Jones, Gawain"]
[Result "0-1"]
[WhiteElo "2235"]
[BlackElo "2578"]
[EventDate "2011.03.22"]
[PlyCount "40"]

1.Nf3 g6 2.d4 Nf6 3.c4 Bg7 4.Nc3 O-O 5.e4 d6 6.h3 Na6 7.g4 c5 8.d5 e6 9.
Be3 exd5 10.exd5 Re8 11.Bd3 Nb4 12.Bb1 h5 13.g5 Nh7 14.Kd2 b5 15.a3 Qa5 
16.Ke2 bxc4 17.Bxg6 fxg6 18.axb4 Qxb4 19.Qd2 Bf5 20.Ne1 Nxg5 0-1

[Event "12th EUR-ch"]
[Site "Aix-les-Bains FRA"]
[Date "2011.03.22"]
[Round "1.105"]
[White "Ter-Sahakyan, Samvel"]
[Black "Izzat, Kanan Azar oglu"]
[Result "1-0"]
[WhiteElo "2575"]
[BlackElo "2181"]
[EventDate "2011.03.22"]
[PlyCount "67"]

1.e4 c6 2.d4 d5 3.e5 Bf5 4.h4 h6 5.c4 e6 6.Nc3 Ne7 7.a3 dxc4 8.Bxc4 Nd7 9.
Nge2 Nb6 10.Ba2 Bh7 11.h5 Ned5 12.Ng3 Qd7 13.Nce4 O-O-O 14.Qf3 Be7 15.O-O 
g6 16.Nc5 Qe8 17.b4 gxh5 18.Nxh5 Rg8 19.Bb1 Bg6 20.Bxg6 Rxg6 21.Re1 Kb8 
22.g3 Qg8 23.Re4 Bg5 24.Kg2 Ne7 25.Bxg5 Rxg5 26.Nf6 Qg6 27.a4 Nbd5 28.Nxd5
Nxd5 29.b5 Rc8 30.Rb1 b6 31.bxc6 Rg8 32.Nd3 Rf5 33.Qe2 Kc7 34.Qe1 1-0

[Event "12th EUR-ch"]
[Site "Aix-les-Bains FRA"]
[Date "2011.03.22"]
[Round "1.106"]
[White "Bacon, Nicolas"]
[Black "Shengelia, David"]
[Result "1-0"]
[WhiteElo "2177"]
[BlackElo "2573"]
[EventDate "2011.03.22"]
[PlyCount "91"]

1.e4 d6 2.d4 g6 3.Nc3 Bg7 4.Be3 a6 5.f4 b5 6.Bd3 Bb7 7.Nf3 b4 8.Ne2 Nf6 9.
Ng3 Nbd7 10.Qe2 c5 11.c3 O-O 12.O-O cxd4 13.cxd4 Ng4 14.Bd2 Qb6 15.Kh1 a5 
16.Rac1 Rac8 17.h3 Ngf6 18.Be3 d5 19.Ne5 dxe4 20.Nxe4 Bxe4 21.Nxd7 Bxg2+ 
22.Qxg2 Nxd7 23.f5 Bxd4 24.fxg6 Bxe3 25.gxf7+ Kh8 26.Rxc8 Rxc8 27.Qg4 Qd4 
28.Qf5 Qh4 29.Qxd7 Rf8 30.Qe6 Bd4 31.b3 Qg3 32.Qf5 Rxf7 33.Qc8+ Kg7 34.
Rxf7+ Kxf7 35.Qc4+ e6 36.Qxd4 Qxh3+ 37.Kg1 Qg3+ 38.Kf1 h5 39.Qf2+ Qxf2+ 
40.Kxf2 Kf6 41.Ke3 Ke5 42.Be2 h4 43.Bg4 Kd5 44.Kf4 Kd4 45.Bxe6 Kc3 46.Bd7 
1-0

[Event "12th EUR-ch"]
[Site "Aix-les-Bains FRA"]
[Date "2011.03.22"]
[Round "1.107"]
[White "Zhigalko, Andrey"]
[Black "Debray, Tristan"]
[Result "1-0"]
[WhiteElo "2571"]
[BlackElo "2175"]
[EventDate "2011.03.22"]
[PlyCount "109"]

1.d4 d5 2.c4 c6 3.Nf3 Nf6 4.e3 e6 5.b3 Nbd7 6.Bb2 Ne4 7.Bd3 f5 8.O-O Bd6 
9.Ba3 Bxa3 10.Nxa3 a5 11.Rc1 O-O 12.Nb1 Qf6 13.Qe2 b6 14.Nc3 Bb7 15.cxd5 
exd5 16.Na4 Rae8 17.Ne5 Nxe5 18.dxe5 Rxe5 19.Nxb6 Rd8 20.Na4 d4 21.Bxe4 
fxe4 22.exd4 Rxd4 23.Rcd1 Red5 24.Nc3 Rxd1 25.Nxd1 c5 26.Qb5 Qd8 27.Ne3 
Rd7 28.h3 Rc7 29.Qxa5 Qd6 30.b4 c4 31.Rd1 Qc6 32.Rd8+ Kf7 33.Qf5+ Qf6 34.
Rd7+ Rxd7 35.Qxd7+ Qe7 36.Qxe7+ Kxe7 37.Kf1 c3 38.Ke1 Ke6 39.Kd1 Ke5 40.
Kc2 Kd4 41.Nf5+ Ke5 42.Ne3 Kd4 43.Nf5+ Ke5 44.Nxg7 e3 45.fxe3 Bxg2 46.h4 
Ke4 47.Kxc3 Kxe3 48.b5 Kf4 49.a4 Kg4 50.a5 Kxh4 51.a6 Bf1 52.Kb4 Kg5 53.
Ka5 Kg6 54.b6 Kxg7 55.b7 1-0

[Event "12th EUR-ch"]
[Site "Aix-les-Bains FRA"]
[Date "2011.03.22"]
[Round "1.108"]
[White "Van Hoolandt, Patrick"]
[Black "Papin, Vasily"]
[Result "0-1"]
[WhiteElo "2165"]
[BlackElo "2569"]
[EventDate "2011.03.22"]
[PlyCount "72"]

1.d4 d5 2.c4 e6 3.Nf3 c6 4.Nc3 dxc4 5.Bg5 f6 6.Bh4 b5 7.e3 Nh6 8.a4 Bb4 9.
axb5 cxb5 10.Nd2 Bxc3 11.bxc3 Nf5 12.Qh5+ Ke7 13.Bg3 Bb7 14.e4 g6 15.Qg4 
h5 16.Qd1 Nxg3 17.hxg3 a6 18.f4 Nd7 19.Qb1 Qc7 20.Be2 Rag8 21.Bf3 e5 22.
O-O Qb6 23.Qb4+ Qd6 24.Rfb1 Rc8 25.Be2 Qxb4 26.Rxb4 exd4 27.Nxc4 d3 28.
Bxd3 bxc4 29.Bxc4 Nc5 30.Ra5 Kd8 31.Bf7 Bxe4 32.Rc4 Ke7 33.Bxg6 Bxg6 34.
Raxc5 Rxc5 35.Rxc5 Rg8 36.c4 Be8 0-1

[Event "12th EUR-ch"]
[Site "Aix-les-Bains FRA"]
[Date "2011.03.22"]
[Round "1.109"]
[White "Kozul, Zdenko"]
[Black "Klek, Hanna-Marie"]
[Result "1-0"]
[WhiteElo "2568"]
[BlackElo "2149"]
[EventDate "2011.03.22"]
[PlyCount "59"]

1.Nf3 d5 2.g3 Nf6 3.Bg2 e6 4.O-O Bd6 5.d4 b5 6.Bg5 Bb7 7.c3 Nbd7 8.Nbd2 h6
9.Bxf6 Nxf6 10.b4 O-O 11.Nb3 Re8 12.Qd3 a6 13.a4 c6 14.Ne5 Qc7 15.f4 Ne4 
16.Qc2 f6 17.Nd3 e5 18.e3 exf4 19.exf4 Re7 20.Nbc5 Bxc5 21.bxc5 Rae8 22.
axb5 axb5 23.Nb4 Bc8 24.f5 Nxg3 25.Bxd5+ Kh7 26.Bxc6 Nxf1 27.Bxe8 Ne3 28.
Bg6+ Kh8 29.Qf2 Bb7 30.Qg3 1-0

[Event "12th EUR-ch"]
[Site "Aix-les-Bains FRA"]
[Date "2011.03.22"]
[Round "1.110"]
[White "Salus, Stephane"]
[Black "Jaracz, Pawel"]
[Result "0-1"]
[WhiteElo "2145"]
[BlackElo "2565"]
[EventDate "2011.03.22"]
[PlyCount "40"]

1.d4 d5 2.c4 c6 3.e3 Nf6 4.Nf3 Bg4 5.Nbd2 e6 6.Be2 Nbd7 7.O-O Bd6 8.b3 Qe7
9.Bb2 h6 10.Qc2 O-O 11.e4 dxe4 12.Nxe4 Ba3 13.Bxa3 Qxa3 14.Nxf6+ Nxf6 15.
h3 Bxf3 16.Bxf3 Rfd8 17.Rad1 Rd7 18.Rd3 Rad8 19.Rfd1 Qa5 20.R1d2 Rxd4 0-1

[Event "12th EUR-ch"]
[Site "Aix-les-Bains FRA"]
[Date "2011.03.22"]
[Round "1.111"]
[White "Popov, Valerij"]
[Black "Cherednichenko, Elena"]
[Result "1-0"]
[WhiteElo "2565"]
[BlackElo "2141"]
[EventDate "2011.03.22"]
[PlyCount "72"]

1.Nf3 Nf6 2.c4 e6 3.g3 b6 4.Bg2 Bb7 5.O-O c5 6.Nc3 Be7 7.Qc2 O-O 8.e4 d6 
9.d4 cxd4 10.Nxd4 Qc8 11.Be3 Na6 12.Rac1 Nc5 13.f3 a6 14.b4 Ncd7 15.f4 Qc7
16.f5 exf5 17.Nd5 Nxd5 18.cxd5 Qb8 19.exf5 Ne5 20.a4 Rc8 21.Nc6 Bxc6 22.
dxc6 Ra7 23.Bd4 Rac7 24.b5 axb5 25.axb5 Bf6 26.Qa2 Qa8 27.Qa6 Qxa6 28.bxa6
Nd3 29.Bxb6 Nxc1 30.Rxc1 Kf8 31.a7 Bd8 32.Bxc7 Bxc7 33.Rb1 Ke7 34.Rb7 Kd8 
35.Bd5 Ra8 36.Kg2 f6 1-0

[Event "12th EUR-ch"]
[Site "Aix-les-Bains FRA"]
[Date "2011.03.22"]
[Round "1.112"]
[White "Sreeves, Clement"]
[Black "Vocaturo, Daniele"]
[Result "1-0"]
[WhiteElo "2135"]
[BlackElo "2564"]
[EventDate "2011.03.22"]
[PlyCount "89"]

1.e4 d6 2.d4 Nf6 3.Nc3 g6 4.Nf3 Bg7 5.h3 O-O 6.Be3 c6 7.a4 b6 8.Be2 Nbd7 
9.O-O Qc7 10.Qd2 Re8 11.Bh6 Bh8 12.Ng5 Nf8 13.f4 Bg7 14.Bxg7 Kxg7 15.e5 
Nd5 16.Bc4 Nxc3 17.Qxc3 f6 18.Rae1 fxg5 19.d5 Kg8 20.fxg5 c5 21.e6 Nd7 22.
Bb5 Rf8 23.exd7 Rxf1+ 24.Rxf1 Bxd7 25.Qf3 Kh8 26.Qc3+ Kg8 27.Qf3 Kh8 28.
Qf7 Bxb5 29.axb5 Qd7 30.Re1 Qe8 31.Qxe7 Qxe7 32.Rxe7 a6 33.Rd7 axb5 34.
Rxd6 Ra6 35.Rd7 Ra2 36.d6 Ra1+ 37.Kf2 Rd1 38.Ke2 Rd5 39.Ke3 Kg8 40.Ke4 Rd2
41.Ke5 Rxc2 42.Rb7 Rd2 43.Ke6 Re2+ 44.Kd5 c4 45.d7 1-0